Teorías del aprendizaje / (Record no. 87420)

MARC details
000 -CABECERA
campo de control de longitud fija 00699nam a22002293a 4500
005 - FECHA Y HORA DE LA ÚLTIMA TRANSACCIÓN
campo de control 20240925064936.0
008 - ELEMENTOS DE LONGITUD FIJA--INFORMACIÓN GENERAL
campo de control de longitud fija 011024s1997 mx fr 000 0 spa d
020 ## - NÚMERO INTERNACIONAL NORMALIZADO PARA LIBROS
Número Internacional Estándar del Libro 9688809527
035 ## - NÚMERO DE CONTROL DEL SISTEMA
Número de control de sistema UPN01000113512
049 ## - COLECCIÓN
Colección CG
050 #4 - SIGNATURA TOPOGRÁFICA DE LA BIBLIOTECA DEL CONGRESO
Número de clasificación LB1060
Número de documento/Ítem S3.78 1997
100 1# - ASIENTO PRINCIPAL--NOMBRE PERSONAL
Nombre de persona Schunk, Dale H.
9 (RLIN) 37186
245 10 - MENCIÓN DE TÍTULO
Título Teorías del aprendizaje /
Mención de responsabilidad, etc. Dale H. Schunk ; tr. José Francisco Javier Dávila Martínez.
250 ## - MENCIÓN DE EDICIÓN
Mención de edición 2a ed.
260 ## - PUBLICACIÓN, DISTRIBUCIÓN, ETC.
Lugar de publicación, distribución, etc. México :
Nombre del editor, distribuidor, etc. Prentice-Hall,
Fecha de publicación, distribución, etc. 1997.
300 ## - DESCRIPCIÓN FÍSICA
Extensión x, 512 p.
534 ## - NOTA SOBRE LA VERSIÓN ORIGINAL
Frase introductoria Traducción de:
Mención de título del original Learning theories and educational
650 #4 - ASIENTO SECUNDARIO DE MATERIA - TERMINO TEMATICO
Término de materia o nombre geográfico como elemento de entrada Aprendizaje
9 (RLIN) 2861
650 #4 - ASIENTO SECUNDARIO DE MATERIA - TERMINO TEMATICO
Término de materia o nombre geográfico como elemento de entrada Cognición
9 (RLIN) 6446
650 #4 - ASIENTO SECUNDARIO DE MATERIA - TERMINO TEMATICO
Término de materia o nombre geográfico como elemento de entrada Psicología del aprendizaje
9 (RLIN) 5221
905 ## - TIPO DE MATERIAL
Tipo de material Libro
Holdings
Estado de retiro Estado de pérdida Fuente del sistema de clasificación o colocación Estado dañado No para préstamo Código de colección Localización permanente Ubicación/localización actual Ubicación en estantería Fecha de adquisición Total de préstamos Clasificación Código de barras Fecha visto por última vez Fecha del último préstamo Número de copia Tipo de ítem Koha Restricciones de uso
    Library of Congress Classification     Colección General Bib. Gregorio Torres Quintero Bib. Gregorio Torres Quintero Planta baja 11/02/2022 88 LB1060 S3.78 1997 225874 09/04/2025 26/03/2025 1 Libro  
    Library of Congress Classification     Colección General Bib. Gregorio Torres Quintero Bib. Gregorio Torres Quintero Planta baja 09/03/2023 114 LB1060 S3.78 1997 182393 24/11/2023 16/11/2023 1 Libro  
    Library of Congress Classification     Colección General Bib. Gregorio Torres Quintero Bib. Gregorio Torres Quintero Planta baja   6 LB1060 S3.78 1997 182394 31/12/2020   1 Libro  
    Library of Congress Classification     Colección General Bib. Gregorio Torres Quintero Bib. Gregorio Torres Quintero Planta baja 30/10/2023 110 LB1060 S3.78 1997 225641 30/10/2023   1 Libro  
    Library of Congress Classification     Bibliografía básica Bib. Gregorio Torres Quintero Bib. Gregorio Torres Quintero Colecciones especiales Planta alta 30/01/2023 102 LB1060 S3.78 1997 225640 31/12/2020   1 Libro por horas Préstamo por horas
    Library of Congress Classification     Colección General Bib. Gregorio Torres Quintero Bib. Gregorio Torres Quintero Planta baja   99 LB1060 S3.78 1997 208926 20/09/2021   1 Libro  
    Library of Congress Classification     Colección General Bib. Gregorio Torres Quintero Bib. Gregorio Torres Quintero Planta baja   9 LB1060 S3.78 1997 194593 31/12/2020   1 Libro